[Event "Olympiad Women 2024"]
[Site "Budapest HUN"]
[Date "2024.09.12"]
[Round "2.70"]
[White "Nomin-Erdene, Davaademberel"]
[Black "Zvereva, Marija"]
[Result "1-0"]
[WhiteElo "2319"]
[BlackElo "2035"]
[PlyCount "81"]
[EventDate "2024.09.11"]
[WhiteTeam "Mongolia"]
[BlackTeam "Monaco"]
[WhiteTeamCountry "MGL"]
[BlackTeamCountry "MNC"]

1. Nf3 c5 2. g3 Nc6 3. Bg2 Nf6 4. O-O g6 5. d3 Bg7 6. Nbd2 O-O 7. e4 d5 8. c3 e5 9. exd5 Nxd5 10. Re1 h6 11. Nc4 Re8 12. a4 b6 ({RR} 12... Bf5 13. a5 Qd7 14. Nh4 Be6 15. Qa4 Rac8 16. Nf3 f6 17. Nfd2 Bf8 18. Ne4 Kg7 19. h4 Red8 20. Ra3 Nc7 21. Bf1 Nd5 22. Rb3 Rc7 23. Rb5 Nb8 24. Nxf6 Nxf6 25. Nxe5 Qe8 26. Qf4 Qxb5 27. Nxg6 {0-1 Nemec,J (2346)-Kraus,T (2491) TCh-CZE 1 Liga Zapad 2023 (9.1)}) 13. Qb3 ({RR} 13. Nfd2 Be6 14. Ne4 Qc7 15. a5 Red8 16. Qa4 Rab8 17. axb6 axb6 18. Qb5 Kh7 19. h4 Bd7 20. Qb3 Be6 21. Qc2 Kh8 22. Ne3 f5 23. Nd2 Qd7 24. Nec4 Bf7 25. Ra6 Ncb4 26. cxb4 Nxb4 27. Qc3 Nxa6 {½-½ Bologan,V (2650)-Ruck,R (2563) Mainz Ordix op 14th rapid 2007 (9)}) 13... Be6 14. Nfd2 f5 $146 ({RR} 14... Rb8 15. Qb5 Ncb4 16. cxb4 Nxb4 17. Nxe5 a6 18. Nc6 axb5 19. Nxd8 Rexd8 20. Ne4 Nxd3 21. Bf4 Nxf4 22. gxf4 bxa4 23. Rxa4 Bxb2 24. h4 Bb3 25. Ra7 c4 26. Re3 Bd4 27. Rg3 b5 28. f5 Bxa7 29. fxg6 {0-1 Lomakina,G (2134)-Melamed,T (2273) EU-ch (Women) 2nd 2001 (7)}) 15. a5 Nxa5 16. Nxa5 Ne3 17. Nac4 Nxg2 18. Kxg2 Qxd3 19. Kg1 Qd7 20. Qc2 Bd5 21. Ne3 Bb7 22. f3 Kh7 23. Re2 b5 24. Rf2 f4 25. Nef1 fxg3 26. Nxg3 e4 27. Ndxe4 Qc6 28. Be3 Re5 29. Rd1 Rf8 30. Rd6 Qc7 31. Qd2 Rf7 32. Qd1 Bf8 33. Rd8 Re6 34. Rfd2 Bc8 35. R8d5 Rc6 36. Nd6 Bxd6 37. Rxd6 Rxd6 38. Rxd6 Bb7 39. Qd3 Rg7 40. Nh5 c4 41. Nf6+ 1-0

[Event "Olympiad Women 2024"]
[Site "Budapest HUN"]
[Date "2024.09.12"]
[Round "2.18"]
[Board "3"]
[White "Berezovsky, Fiorina"]
[Black "Khuslen, Erdenebayar"]
[Result "0-1"]
[WhiteElo "1976"]
[BlackElo "2229"]
[PlyCount "88"]
[EventDate "2024.09.11"]
[WhiteTeam "Monaco"]
[BlackTeam "Mongolia"]
[WhiteTeamCountry "MNC"]
[BlackTeamCountry "MGL"]

1. d4 Nf6 2. Nc3 d5 3. Bf4 g6 4. e3 Bg7 5. h4 h5 6. Nf3 O-O 7. Be2 ({RR} 7. Qd2 c5 8. Ne5 cxd4 9. exd4 Nc6 10. f3 Bf5 11. Bb5 Nxe5 12. dxe5 Nd7 13. O-O-O Nxe5 14. Rhe1 Nc6 15. Qxd5 e6 16. Qxd8 Rfxd8 17. Bxc6 bxc6 18. Na4 Bf6 19. g3 Rd5 20. c4 Ra5 21. b3 e5 {1-0 Bortnyk,O (2607)-Paravyan,D (2612) Bullet Chess Losers 2023 (3.7)}) 7... c5 8. Nb5 Nc6 ({RR} 8... cxd4 9. exd4 Nc6 10. Nc7 Rb8 11. Nb5 Ra8 12. Nc7 e5 13. dxe5 Qxc7 14. exf6 Qxf4 15. fxg7 Kxg7 16. Qd2 Qf6 17. c3 Bg4 18. Qg5 Qe6 19. Qe3 Rfe8 20. Qxe6 Rxe6 21. Kd2 Rae8 22. Rhe1 Kf6 23. Nd4 {0-1 Baim,E (1882)-Jing,A (2031) Cherry Blossom Classic 2024 (5.14)}) 9. Nc7 $146 ({RR} 9. c3 a6 10. Na3 Qa5 11. Ne5 Ne4 12. Nxc6 bxc6 13. Nc2 Bf5 14. O-O c4 15. f3 Nd6 16. Nb4 Qb6 17. b3 a5 18. bxc4 axb4 19. c5 Qa7 20. cxd6 bxc3 21. dxe7 Qxe7 22. Bd3 Bxd3 23. Qxd3 Qxh4 {0-1 Madaminov,M (2258)-Degenbaev,A (2132) Tashkent zt 3.4 2021 (5)}) ({RR} 9. dxc5 Bg4 10. c3 Ne4 11. O-O e5 12. Bh2 Nxc5 13. Ng5 Bxe2 14. Qxe2 a6 15. Na3 Qe7 16. Rad1 Rad8 17. Rfe1 Bf6 18. e4 d4 19. cxd4 Nxd4 20. Qe3 b5 21. Rc1 Na4 22. b3 Qxa3 23. bxa4 Qxa4 {0-1 Suyarov,M (2299)-Alonso Rosell,A (2561) World Blitz 2022 (2.79)}) 9... Rb8 10. Nb5 Ra8 11. Nc7 e5 12. dxe5 Qxc7 13. exf6 Qa5+ 14. c3 Bxf6 15. O-O Qd8 16. Bg5 Be6 17. Qc2 Bxg5 18. Nxg5 Qf6 19. Rad1 Rad8 20. f4 Bf5 21. Bd3 Ne7 22. g3 Bxd3 23. Rxd3 Nf5 24. e4 dxe4 25. Nxe4 Qc6 26. Rxd8 Rxd8 27. Re1 Kg7 28. Qf2 b6 29. Re2 Rd1+ 30. Re1 Rd3 31. Qg2 c4 32. b3 Ne3 33. Qh1 Nc2 34. Rf1 Re3 35. Ng5 Qc5 36. b4 Qf5 37. Qg2 Qd3 38. Rf3 Qxc3 39. Rxe3 Nxe3 40. Qe2 Nf5 41. Ne4 Qxb4 42. Qd1 c3 43. Qc2 Nd4 44. Qf2 Qb1+ 0-1

[Event "Olympiad Women 2024"]
[Site "Budapest HUN"]
[Date "2024.09.12"]
[Round "2.18"]
[Board "4"]
[White "Mungunzul, Bat-Erdene"]
[Black "Berezovska, Svetlana"]
[Result "1-0"]
[WhiteElo "2224"]
[BlackElo "1869"]
[PlyCount "79"]
[EventDate "2024.09.11"]
[WhiteTeam "Mongolia"]
[BlackTeam "Monaco"]
[WhiteTeamCountry "MGL"]
[BlackTeamCountry "MNC"]

1. d4 Nf6 2. c4 e6 3. Nf3 d5 4. Nc3 Be7 5. Bg5 O-O 6. e3 Nbd7 7. Bd3 c5 8. O-O dxc4 9. Bxc4 h6 ({RR} 9... cxd4 10. Qxd4 Nb6 11. Bb3 Qxd4 12. Nxd4 Bb4 {½-½ Werner,C (2330)-Schlindwein,R (2425) BL2-Sued 9899 1998 (1.3)}) 10. Bh4 a6 ({RR} 10... cxd4 11. exd4 Nb6 12. Bb3 Bd7 13. Re1 Bc6 14. Ne5 Nfd5 15. Bg3 Bb4 16. Qd3 Nf6 17. Nxc6 bxc6 18. Bc2 Bxc3 19. bxc3 Qd5 20. Be5 Nbd7 21. Bf4 Rad8 22. Rab1 c5 23. Qa6 g5 24. Be5 Rc8 25. Qe2 {0-1 Marchese,A (1869)-Schultze,J (1974) Heusenstamm Schloss Open 2022 (6.55)}) 11. a4 Nb6 12. Bb3 $146 ({RR} 12. Be2 Nbd5 13. Nxd5 Nxd5 14. Bxe7 Qxe7 15. dxc5 Qxc5 16. Rc1 Qb4 17. Qd4 Qxd4 18. Nxd4 Bd7 19. b3 Rac8 20. Bf3 Rxc1 21. Rxc1 Rc8 22. Rxc8+ Bxc8 23. Bxd5 exd5 24. Kf1 Kf8 25. Ke2 Ke7 26. Kd3 Kd6 {½-½ Kushnarenko,E (1737)-Orshonova,A (1891) Voronezh op-B 23rd 2019 (6)}) 12... cxd4 13. exd4 Bd7 14. Re1 Bc6 15. Ne5 Rc8 16. Qd3 Bd5 17. Bc2 g5 18. Ng4 Kg7 19. Nxf6 Kxf6 20. Bg3 Bd6 21. Be5+ Ke7 22. a5 Bxe5 23. Rxe5 Bc4 24. Qf3 Bd5 25. Qh3 Rxc3 26. bxc3 Nc4 27. Ree1 Rh8 28. Be4 Bxe4 29. Rxe4 Nxa5 30. f4 Nc4 31. f5 Nd6 32. Re2 Qc7 33. fxe6 f5 34. Re5 Qb6 35. Rf1 Qc6 36. Rfe1 b5 37. Rc5 Qb6 38. Qh5 a5 39. Qg6 Re8 40. Qg7+ 1-0

[Event "Olympiad Women 2024"]
[Site "Budapest HUN"]
[Date "2024.09.12"]
[Round "2.19"]
[Board "1"]
[White "Injac, Teodora"]
[Black "Arakhamia-Grant, Ketevan"]
[Result "0-1"]
[WhiteElo "2425"]
[BlackElo "2263"]
[PlyCount "74"]
[EventDate "2024.09.11"]
[WhiteTeam "Serbia"]
[BlackTeam "Scotland"]
[WhiteTeamCountry "SRB"]
[BlackTeamCountry "SCO"]

1. c4 Nf6 2. Nc3 g6 3. g3 Bg7 4. Bg2 O-O 5. d4 d6 6. Nf3 Nbd7 7. O-O e5 8. e4 exd4 9. Nxd4 Re8 10. h3 a6 11. Bg5 h6 12. Be3 Nc5 13. Qc2 Bd7 ({RR} 13... Rb8 14. b4 Ne6 15. Rad1 Bd7 16. a4 Qc8 17. Nde2 Kh7 18. f4 Nd8 19. Kh2 h5 20. Ba7 Ra8 21. Bd4 Nc6 22. Bxf6 Bxf6 23. Nd5 Bg7 24. Qd2 Ne7 25. Ndc3 Be6 26. Nd5 Bd7 27. Nec3 Nxd5 28. cxd5 {0-1 Vrtal,J (2032)-Kures,M (1898) Stare Mesto op 2019 (3)}) 14. Rad1 Qc8 15. Kh2 Re5 16. f3 $146 ({RR} 16. b4 Bxh3 17. bxc5 Ng4+ 18. Kg1 Nxe3 19. fxe3 Rg5 20. Nd5 Kh8 21. Ne2 Qd7 22. cxd6 Be5 23. dxc7 Qg4 24. Nf6 Qe6 25. Rd8+ {1-0 Ostl,A (2345)-Ankerst,M (2285) BL2-Sued 9394 1993 [2]}) 16... b5 17. b4 Nb7 18. Nde2 bxc4 19. Bd4 Re8 20. Nf4 c5 21. bxc5 Nxc5 22. Ncd5 Nxd5 23. Nxd5 Bxd4 24. Rxd4 Qd8 25. Rb1 Be6 26. Qd2 Bxd5 27. Rxd5 Nd3 28. Qxh6 Rb8 29. Rxb8 Qxb8 30. Qd2 Rc8 31. Qc3 Qb1 32. Rxd6 Qc1 33. Qf6 Qb2 34. Qg5 Ne1 35. Rd2 c3 36. Rxb2 cxb2 37. Qg4 Rb8 0-1

[Event "Olympiad Women 2024"]
[Site "Budapest HUN"]
[Date "2024.09.12"]
[Round "2.19"]
[Board "2"]
[White "Roy, Ali"]
[Black "Velikic, Adela"]
[Result "0-1"]
[WhiteElo "1961"]
[BlackElo "2260"]
[PlyCount "64"]
[EventDate "2024.09.11"]
[WhiteTeam "Scotland"]
[BlackTeam "Serbia"]
[WhiteTeamCountry "SCO"]
[BlackTeamCountry "SRB"]

1. Nf3 d5 2. g3 Nf6 3. Bg2 c5 4. O-O e6 5. d3 Nc6 6. Nbd2 Be7 7. e4 O-O 8. e5 Nd7 9. Re1 b5 10. Qe2 a5 11. Nf1 ({RR} 11. h4 Bb7 12. Nf1 Qc7 13. Bf4 Rfc8 14. N1h2 Qd8 15. h5 h6 16. Ng4 Bf8 17. Qd2 Nd4 18. Nh4 b4 19. c3 Nc6 20. Nf3 a4 21. Rac1 a3 22. c4 axb2 23. Qxb2 Ne7 24. Nd2 Ra3 25. Nb3 Rca8 {0-1 Moussard,J (2601)-Van Foreest,J (2621) Titled Tuesday intern op 5th March blitz 2019 (8)}) 11... a4 12. h4 ({RR} 12. a3 Bb7 13. h4 Qc7 14. Bf4 Rfc8 15. N1h2 b4 16. h5 h6 17. g4 Nd4 18. Nxd4 cxd4 19. Rec1 Nb8 20. axb4 Bxb4 21. Nf3 Nc6 22. g5 hxg5 23. Nxg5 Be7 24. Nf3 a3 25. bxa3 Rxa3 26. Rab1 Ra2 {0-1 Drygalov,A (2475)-Ivic,V (2567) Chessable Masters Play-In 2024 (6)}) 12... a3 13. bxa3 $146 ({RR} 13. b3 b4 14. Bd2 Ba6 15. N1h2 Qb6 16. Ng4 c4 17. Bf1 cxd3 18. cxd3 Rac8 19. Rac1 Rc7 20. Rc2 Rfc8 21. Rec1 Nd8 22. Be3 Rxc2 23. Rxc2 Rxc2 24. Qxc2 Qc6 25. Qxc6 Nxc6 26. d4 Bxf1 27. Kxf1 h5 {0-1 Thorsson,O-Kiik,K (2390) Gausdal Int 1992 (6)}) ({RR} 13. b3 c4 14. Bf4 Bb4 15. Bd2 Qa5 16. h5 h6 17. d4 Bxd2 18. N1xd2 Qc3 19. Qe3 Qxc2 20. Nh2 Nb4 21. Bf1 Qf5 22. g4 Qg5 23. f4 Qe7 24. Red1 Nc2 25. Qc3 Nxa1 26. Qxa1 Ba6 27. Qc3 b4 {0-1 Rizzo,T (1911)-Clawitter,C (2050) Titled Tuesday intern op 09th Aug Late blitz 2022 (9)}) 13... Ra4 14. N1h2 Ba6 15. Bf4 Re8 16. h5 h6 17. Ng4 Bf8 18. Bf1 Rxa3 19. Qd2 Kh7 20. Kg2 Qa5 21. Qd1 Ra4 22. d4 Nxd4 23. Bd3+ Kh8 24. Qc1 Nxf3 25. Kxf3 c4 26. Bxh6 cxd3 27. Bxg7+ Bxg7 28. cxd3 Rc8 29. Qg5 Qd8 30. Nf6 Nxe5+ 31. Qxe5 Qxf6+ 32. Qxf6 Bxf6 0-1

[Event "Olympiad Women 2024"]
[Site "Budapest HUN"]
[Date "2024.09.12"]
[Round "2.19"]
[Board "3"]
[White "Mandura, Tijana"]
[Black "Cooke, Suzie G."]
[Result "1/2-1/2"]
[WhiteElo "2207"]
[BlackElo "1941"]
[PlyCount "67"]
[EventDate "2024.09.11"]
[WhiteTeam "Serbia"]
[BlackTeam "Scotland"]
[WhiteTeamCountry "SRB"]
[BlackTeamCountry "SCO"]

1. e4 e6 2. d4 d5 3. e5 c5 4. c3 Nc6 5. Nf3 Bd7 6. Be2 cxd4 7. cxd4 Nge7 8. Na3 Nf5 9. Nc2 Qb6 10. h4 Nb4 11. Nxb4 Bxb4+ 12. Kf1 h5 13. a4 a5 14. g3 Rc8 15. Kg2 Be7 16. Bd2 $146 ({RR} 16. Re1 g6 17. Ra2 Kf8 18. Be3 Kg7 19. Bd3 Rc7 20. Re2 Rhc8 21. Ra1 Nxe3+ 22. fxe3 Qb4 23. Ne1 b5 24. axb5 Bxb5 25. Bxb5 Qxb5 26. Nd3 Rc4 27. Rf2 a4 28. Qf3 Qe8 29. Raf1 Rc2 30. Kh3 Rxf2 {½-½ Mandura,T (2178)-Grabuzova,T (2188) 24th European Teams Women 2023 (8.5)}) 16... O-O 17. Bd3 g6 18. Bc3 Kg7 19. Qd2 Bb4 20. Bxf5 exf5 21. Rhe1 Rfe8 22. Ng5 Rc4 23. Nh3 Bxc3 24. bxc3 Qc6 25. Nf4 Rxc3 26. Rac1 Rc8 27. Nxh5+ gxh5 28. Rxc3 Qxc3 29. Qg5+ Kf8 30. Qh6+ Kg8 31. Qg5+ Kf8 32. Qh6+ Kg8 33. Qg5+ Kf8 34. Qh6+ 1/2-1/2

[Event "Olympiad Women 2024"]
[Site "Budapest HUN"]
[Date "2024.09.12"]
[Round "2.19"]
[Board "4"]
[White "Giulian, Rosemary A"]
[Black "Eric, Jovana"]
[Result "0-1"]
[WhiteElo "1922"]
[BlackElo "2162"]
[PlyCount "120"]
[EventDate "2024.09.11"]
[WhiteTeam "Scotland"]
[BlackTeam "Serbia"]
[WhiteTeamCountry "SCO"]
[BlackTeamCountry "SRB"]

1. e4 c5 2. c3 Nf6 3. e5 Nd5 4. Nf3 d6 5. Bb5+ Bd7 6. Bc4 e6 7. d4 cxd4 8. cxd4 Nc6 9. O-O Nb6 10. Bb3 dxe5 11. dxe5 Be7 12. Nc3 O-O ({RR} 12... Nb4 13. Qe2 N4d5 14. Ne4 O-O 15. Rd1 a6 16. a4 Rc8 17. Bd2 Qe8 18. Bg5 h6 19. Bxe7 Qxe7 20. Nd6 Rc7 21. a5 Nc8 22. Bxd5 exd5 23. Nxc8 Rfxc8 24. Nd4 Rc4 25. b3 Rc3 26. f4 Qh4 27. Qf2 {1-0 Bortnyk,O (2608)-Gabrielian,A (2429) Titled Tue 16th Apr Late 2024 (7)}) 13. Qe2 Nb4 $146 ({RR} 13... Qb8 14. Bf4 Nb4 15. Rad1 Bc6 16. Nd4 a5 17. Nxc6 bxc6 18. Na4 N4d5 19. Bc1 Rd8 20. Nxb6 Qxb6 21. Bc2 g6 22. a3 Rd7 23. Rd3 Rad8 24. h4 Bf8 25. h5 Ne7 26. hxg6 hxg6 27. Rh3 Bg7 28. Bg5 {0-1 Kretainis,K (2258)-Kovalenko,I (2611) LAT-ch Riga 2014 (1)}) 14. Bf4 N4d5 15. Nxd5 Nxd5 16. Bg3 Qb6 17. Rfd1 Bb5 18. Qe4 Bc6 19. Qg4 Rad8 20. Nd4 Kh8 21. Nxc6 Qxc6 22. Rac1 Qb6 23. Bh4 Bxh4 24. Qxh4 h6 25. h3 Nb4 26. Qe4 Kg8 27. Qe2 Nc6 28. Rc3 Rxd1+ 29. Bxd1 Qd4 30. Re3 Rd8 31. Bb3 Qd2 32. Ba4 Qc1+ 33. Kh2 Nd4 34. Qe1 Qxb2 35. Bb3 Nf5 36. Re2 Qd4 37. Bc2 Ne7 38. Qb1 Qf4+ 39. g3 Qf3 40. Qe1 Qd5 41. Qb4 Nc6 42. Qb2 Nd4 43. Be4 Qa5 44. Re3 b6 45. Bb1 g6 46. Qc1 Qd5 47. Qc7 Rd7 48. Qc8+ Kg7 49. g4 Nb5 50. a4 Rc7 51. Qb8 Rc1 52. Be4 Qd1 53. Rg3 Qe1 54. Qd8 Qxf2+ 55. Rg2 Qf4+ 56. Rg3 Qxe4 57. Qf6+ Kg8 58. Rf3 Rc2+ 59. Kg1 Qe1+ 60. Rf1 Qg3+ 0-1

[Event "Olympiad Women 2024"]
[Site "Budapest HUN"]
[Date "2024.09.12"]
[Round "2.20"]
[Board "1"]
[White "Kanyamarala, Trisha"]
[Black "Pham, Le Thao Nguyen"]
[Result "0-1"]
[WhiteElo "2179"]
[BlackElo "2380"]
[PlyCount "70"]
[EventDate "2024.09.11"]
[WhiteTeam "Ireland"]
[BlackTeam "Vietnam"]
[WhiteTeamCountry "IRL"]
[BlackTeamCountry "VIE"]

1. d4 Nf6 2. c4 e6 3. Nf3 Bb4+ 4. Bd2 Qe7 5. e3 Bxd2+ 6. Qxd2 d6 7. Nc3 O-O 8. Bd3 ({RR} 8. Rc1 b6 9. e4 e5 10. Bd3 Nc6 11. dxe5 Nxe5 12. Be2 Bb7 13. Nxe5 dxe5 14. Nd5 Bxd5 15. exd5 Ne4 16. Qc2 Qb4+ 17. Kf1 Nd6 18. a3 Qc5 19. b4 Qd4 20. g3 e4 21. Kg2 Qe5 22. Rhd1 f5 {1-0 Andreikin,D (2729)-Kovalev,V (2623) Chess.com Rapid Wk9 Swiss 2022 (2)}) 8... e5 9. Bc2 Re8 $146 ({RR} 9... Bg4 10. O-O-O Nc6 11. h3 Bh5 12. g4 Bg6 13. g5 exd4 14. exd4 Nh5 15. Rde1 Qd7 16. d5 Nb4 17. Bxg6 fxg6 18. Re3 Rae8 19. a3 Rxe3 20. Qxe3 Re8 21. Qd2 Na6 22. Nd4 Nc5 23. b4 Ne4 24. Nxe4 {1-0 Mohammad Fahad,R (2437)-Murshed,N (2317) 48th ch-BAN 2024 (8.5)}) ({RR} 9... Bg4 10. h3 Bxf3 11. gxf3 exd4 12. Qxd4 Nc6 13. Qh4 g6 14. O-O-O a6 15. f4 b5 16. f5 Ne5 17. Ne4 Kg7 18. c5 dxc5 19. f4 Nc4 20. Rd7 Qxd7 21. Qxf6+ Kg8 22. Qh4 f6 23. fxg6 Qg7 24. Rg1 {1-0 Gumularz,S (2593)-Bogdanov,E (2433) Krakow International 2024 (9.2)}) 10. O-O Bg4 11. Ng5 c6 12. h3 h6 13. Nge4 Nxe4 14. Nxe4 Bf5 15. Ng3 Bxc2 16. Qxc2 exd4 17. exd4 Nd7 18. Nf5 Qf6 19. Rfe1 Nf8 20. Rad1 Rad8 21. Qd3 Ne6 22. g3 h5 23. Re3 Kf8 24. Kg2 g6 25. Nh4 Ng5 26. Rde1 Rxe3 27. Qxe3 b6 28. d5 cxd5 29. cxd5 Rc8 30. Re2 Rc5 31. Rd2 Qe7 32. Qa3 Qe4+ 33. f3 Qe1 34. Rf2 Rc1 35. Qxd6+ Kg7 0-1

[Event "Olympiad Women 2024"]
[Site "Budapest HUN"]
[Date "2024.09.12"]
[Round "2.20"]
[Board "2"]
[White "Luong Phuong Hanh"]
[Black "O'Gorman, Alice"]
[Result "1-0"]
[WhiteElo "2225"]
[BlackElo "1996"]
[PlyCount "91"]
[EventDate "2024.09.11"]
[WhiteTeam "Vietnam"]
[BlackTeam "Ireland"]
[WhiteTeamCountry "VIE"]
[BlackTeamCountry "IRL"]

1. d4 d5 2. Nf3 e6 3. Bf4 Nf6 4. e3 c5 5. c3 Nc6 6. Nbd2 Bd6 7. Bg3 O-O 8. Bd3 Re8 9. Ne5 cxd4 10. exd4 Qe7 $146 ({RR} 10... Bxe5 11. dxe5 Nd7 12. f4 Nc5 13. Bc2 d4 14. Ne4 Nxe4 15. Bxe4 Qb6 16. Qb3 dxc3 17. Qxc3 Rd8 18. Bf2 Qa6 19. Qh3 h6 20. g4 Nb4 21. Qf1 Nd3+ 22. Bxd3 Rxd3 23. a3 Bd7 24. Bc5 Qc4 25. Qf2 {0-1 Jaskunaite,A (1490)-Vaicekauskas,G (2140) Plunge op 34th 2014 (1)}) ({RR} 10... Bxe5 11. dxe5 Nd7 12. Qh5 g6 13. Qe2 Nc5 14. O-O Nxd3 15. Qxd3 Qb6 16. Rab1 Qa6 17. Qe3 Ne7 18. Bf4 Nf5 19. Qh3 Bd7 20. g4 Ng7 21. Bg5 Rec8 22. Rfe1 Bc6 23. Bf6 d4 {½-½ Demidov,M (2513)-Riazantsev,A (2671) RUS-ch blitz 2015 (3)}) ({RR} 10... Bxe5 11. dxe5 Nd7 12. h4 Ndxe5 13. Bxe5 Nxe5 14. Bxh7+ Kxh7 15. Qh5+ Kg8 16. Qxe5 f6 17. Qg3 e5 18. h5 Bf5 19. h6 g6 20. O-O-O Qd7 21. Nc4 Qa4 22. Ne3 Qe4 23. Nxf5 Qxf5 24. Rxd5 Rad8 25. Rhd1 {1-0 Atanasov,A (2384)-Khodabandeh,M (1936) Titled Tue 2nd Jan Late 2024 (4)}) ({RR} 10... Bxe5 11. dxe5 Nd7 12. Nf3 f6 13. exf6 Nxf6 14. Ne5 Ne7 15. O-O Nf5 16. Qb3 Nxg3 17. hxg3 Qd6 18. Rfe1 Nd7 19. Bb5 Nc5 20. Qc2 Rf8 21. Rad1 Rf5 22. Qe2 Qf8 23. Bd3 Nxd3 24. Rxd3 b6 25. Rd4 {1-0 Arnot,R (1987)-Berenguer Sanchez,F Benidorm op U2000 03rd 2004 (7)}) 11. O-O Bc7 12. Qe2 Nxe5 13. dxe5 Nd7 14. Nf3 f6 15. exf6 Nxf6 16. Ne5 Rb8 17. Rfe1 Bd6 18. Bh4 Rf8 19. Qc2 Bxe5 20. Rxe5 h6 21. Rae1 Qf7 22. Bg6 Qd7 23. Qe2 b5 24. h3 b4 25. Bc2 bxc3 26. bxc3 Qb5 27. Qe3 Qc4 28. Qg3 Qxa2 29. Qg6 Ne4 30. Bxe4 dxe4 31. R5xe4 Qd2 32. Qg3 Rb3 33. Be7 Rf7 34. Bb4 Qd7 35. Qh4 Qc7 36. Rc4 Qd7 37. Rd4 Rxb4 38. cxb4 Qc7 39. Rc4 Qd7 40. Rec1 Bb7 41. Qd4 Qe7 42. Qxa7 Qg5 43. Qb8+ Kh7 44. Qg3 Qd2 45. Rc7 Kg8 46. Kh2 1-0

[Event "Olympiad Women 2024"]
[Site "Budapest HUN"]
[Date "2024.09.12"]
[Round "2.20"]
[Board "3"]
[White "Mirza, Diana"]
[Black "Bach Ngoc Thuy Duong"]
[Result "1/2-1/2"]
[WhiteElo "1962"]
[BlackElo "2214"]
[PlyCount "84"]
[EventDate "2024.09.11"]
[WhiteTeam "Ireland"]
[BlackTeam "Vietnam"]
[WhiteTeamCountry "IRL"]
[BlackTeamCountry "VIE"]

1. e4 c5 2. Nf3 d6 3. d4 cxd4 4. Nxd4 Nf6 5. Nc3 a6 6. g3 e5 7. Nde2 Be7 8. Bg2 Nbd7 9. Nd5 ({RR} 9. h3 b5 10. a3 Bb7 11. g4 Nb6 12. Ng3 g6 13. O-O Rc8 14. Bh6 Bf8 15. Qc1 Bxh6 16. Qxh6 Ng8 17. Qc1 Nf6 18. f4 O-O 19. f5 Nc4 20. Kh2 Kh8 21. g5 Nd7 22. h4 Qc7 23. Nd5 Bxd5 {1-0 Areshchenko,A (2625)-Borovikov,V (2595) UKR-ch KO 74th 2005 (4.3)}) ({RR} 9. h3 h5 10. a4 b6 11. Nd5 Nxd5 12. exd5 Qc7 13. O-O Nf6 14. Bg5 Bf5 15. Ra3 Qxc2 16. Qxc2 Bxc2 17. Rc1 Bf5 18. Rc6 Nd7 19. Bxe7 Kxe7 20. Re3 Rhb8 21. f4 f6 22. Nd4 Bg6 23. Rc7 Rc8 {1-0 Franco Valencia,A (2167)-Munoz,L (1812) COL-chT (Women) 2019 (1.2)}) 9... Nxd5 10. exd5 O-O $146 ({RR} 10... Nf6 11. Nc3 b5 12. a3 Bf5 13. h3 h5 14. Bg5 Qd7 15. Bxf6 Bxf6 16. Bf3 h4 17. g4 Bg6 18. Qe2 Rc8 19. O-O-O a5 20. Be4 Bxe4 21. Nxe4 Be7 22. Rhf1 O-O 23. f4 exf4 24. Rxf4 Rfe8 25. Qf2 {0-1 Klabenes,P-Petr,J (1605) Czech Fed-ch U12 2013 (4)}) 11. Be3 Nf6 12. O-O Bf5 13. Nc3 Qc8 14. Re1 b5 15. Bg5 h6 16. Bxf6 Bxf6 17. Ne4 Be7 18. a4 Bd7 19. axb5 axb5 20. Rxa8 Qxa8 21. Re3 f5 22. Nc5 Qa7 23. Nxd7 Qxd7 24. Rb3 f4 25. Qd3 fxg3 26. hxg3 Qa7 27. Qe3 Qa1+ 28. Bf1 Qd1 29. Qd3 Qg4 30. Qxb5 Qd4 31. Qe2 Qxd5 32. Qc4 Qxc4 33. Bxc4+ Kh7 34. Bd5 h5 35. Rb7 Bg5 36. Rd7 Bc1 37. b4 Ba3 38. Rxd6 Bxb4 39. Be4+ Kg8 40. Bd5+ Kh7 41. Be4+ Kg8 42. Bd5+ Kh7 1/2-1/2

[Event "Olympiad Women 2024"]
[Site "Budapest HUN"]
[Date "2024.09.12"]
[Round "2.20"]
[Board "4"]
[White "Le Thanh Tu"]
[Black "Putar, Lara"]
[Result "1-0"]
[WhiteElo "2092"]
[BlackElo "1911"]
[PlyCount "77"]
[EventDate "2024.09.11"]
[WhiteTeam "Vietnam"]
[BlackTeam "Ireland"]
[WhiteTeamCountry "VIE"]
[BlackTeamCountry "IRL"]

1. d4 Nf6 2. c4 e6 3. g3 d5 4. Nf3 Bb4+ 5. Bd2 Be7 6. Bg2 O-O 7. O-O dxc4 8. Qc2 b5 9. a4 b4 10. Ne5 Qxd4 11. Bxa8 Qxe5 12. Bf4 Qh5 13. Bf3 Ng4 14. Bxg4 Qxg4 15. Nd2 Ba6 $146 ({RR} 15... e5 16. Bxe5 Nc6 17. Bxc7 Ba6 18. Nf3 Bf6 19. Rab1 Re8 20. Bf4 b3 21. Qd1 c3 22. bxc3 Bxe2 23. Re1 Qxf3 24. Rb2 g5 25. Rbxe2 Rxe2 26. Rxe2 Kg7 27. Be3 Ne5 28. Bd4 b2 29. Re1 Qxd1 30. Rxd1 {½-½ Nester,I (2383)-Sevostianov,P (2260) Lvov Tradition IM 09 2019 (1)}) 16. Rfe1 Nc6 17. Nxc4 Nd4 18. Qe4 Bf6 19. Rac1 Nb3 20. Ne3 Qh3 21. Rxc7 e5 22. Bxe5 Nd2 23. Qg4 Qxg4 24. Nxg4 Bxe5 25. Nxe5 f6 26. Rxa7 Bc8 27. Nc6 Bh3 28. Rd1 Nc4 29. b3 Ne5 30. Nxe5 fxe5 31. Rb7 Bg4 32. f3 Bh3 33. Rxb4 g5 34. g4 h5 35. gxh5 Rc8 36. Re4 Re8 37. Rd5 g4 38. Rdxe5 Rf8 39. Re8 1-0

[Event "Olympiad Women 2024"]
[Site "Budapest HUN"]
[Date "2024.09.12"]
[Round "2.21"]
[Board "1"]
[White "Kosteniuk, Alexandra"]
[Black "Partac, Elena"]
[Result "1-0"]
[WhiteElo "2483"]
[BlackElo "2078"]
[PlyCount "37"]
[EventDate "2024.09.11"]
[WhiteTeam "Switzerland"]
[BlackTeam "Moldova"]
[WhiteTeamCountry "SUI"]
[BlackTeamCountry "MDA"]

1. e4 e6 2. d4 d5 3. Nc3 dxe4 4. Nxe4 Bd7 5. Nf3 Bc6 6. Qe2 Nd7 7. Bd2 ({RR} 7. Bf4 Be7 8. O-O-O a6 9. a3 b5 10. Ned2 Ngf6 11. Qe1 a5 12. Kb1 Rb8 13. Bd3 b4 14. axb4 Bxb4 15. Qe2 Nd5 16. Be3 Bc3 17. b3 Bb4 18. Qe1 Nc3+ 19. Kc1 Ba3# {0-1 Wachtel,A (1247)-Leeb,S (1719) Landesliga Sued 1213 U20 2012 (4.4)}) 7... Ngf6 8. Ng3 Bxf3 $146 ({RR} 8... a6 9. Ne5 Nxe5 10. dxe5 Nd7 11. O-O-O Qh4 12. f4 O-O-O 13. Ne4 Nxe5 14. Ng5 h6 15. Nxe6 fxe6 16. Qxe5 Bd6 17. Qxe6+ Kb8 18. Qe3 Rhf8 19. Qg3 Qf6 20. Bc4 Bxf4 21. Bxf4 Qxf4+ 22. Qxf4 Rxd1+ 23. Rxd1 {½-½ Gavrikov,V (2555)-Chernin,A (2600) Interpolis Tilburg 1992 (1.2)}) 9. Qxf3 c5 10. dxc5 Bxc5 11. b4 Bd4 12. c3 Bb6 13. Rd1 Qc7 14. c4 Ne5 15. Qb3 Nc6 16. c5 Qe5+ 17. Be2 Nd4 18. Bc3 O-O-O 19. cxb6 1-0